İlçemiz Hozat (Record no. 2730)

MARC details
000 -BAŞLIK
Sabit Uzunlukta Kontrol Alanı 00735na a2200277 4500
001 - KONTROL NUMARASI
Denetim Alanı 16496
003 - KONTROL NUMARASI IDENTIFIER
Denetim Alanı MIRAKIL
005 - SON İŞLEM TARİHİ VE ZAMANI
Denetim Alanı 20181213154908.0
008 - SABİT-BOY VERİ ELEMANLARI - GENEL BİLGİLER
Sabit Uzunlukta Kontrol Alanı 161012b tu 000 0
020 ## - ULUSLARARASI STANDART KİTAP NUMARASI
Uluslararası Standart Kitap Numarası 9756358149
035 ## - SİSTEM KONTROL NUMARASI
Sistem Kontrol Numarası 16496
040 ## - KATALOGLAMA KAYNAK
Orijinal Kataloglama Ajansı Milas
Kataloglama Dili tur
Metne Dönüştürmek Ajansı TR-AnCHP
041 ## - DİL KODU
Metin / Ses Parça Veya Ayrı Başlığın Dil Kodu tur
082 ## - DEWEY ONLU SINIFLANDIRMA NUMARASI
Sınıflandırma Numarası 956.622
Ürün Numarası K29i 2004
090 ## - SINIFLAMA NUMARASI
Sınıflama Numarası 956.622 K29i 2004
100 ## - ANA GİRİŞ - KİŞİSEL İSİM
Kişisel Ad Kaya, Ali
245 ## - BAŞLIK TABLOSU
Başlık İlçemiz Hozat
Sorumluluk Tablosu, Vb Ali Kaya
260 ## - YAYIN, DAĞITIM, VB
Yayın, Dağıtım, Vb Yeri İstanbul
Yayıncı, Dağıtıcı, Vs Adı Can yayınları
Yayın, Dağıtım, Vb Tarihi 2004
300 ## - FİZİKSEL TANIM
Kapsam 144 s.
Diğer Fiziksel Ayrıntıları fotg.
Boyutlar 19 sm.
500 ## - GENEL NOT
Genel Not Yapıt yazarından imzalıdır.
504 ## - KAYNAKÇA VB NOT
Kaynakça Vb Notu Kaynakça var.
651 ## - KONU KATMA GİRİŞ - COĞRAFİ ADI
Coğrafi İsim Hozat (Tunceli)
Genel Alt Bölümü Tarih
651 ## - KONU KATMA GİRİŞ - COĞRAFİ ADI
Coğrafi İsim Hozat (Tunceli)
Genel Alt Bölümü Kültür ve sanat
651 ## - KONU KATMA GİRİŞ - COĞRAFİ ADI
Coğrafi İsim Tunceli
Genel Alt Bölümü Tarih
Coğrafi Alt Bölümü Hozat
942 ## - EKLENDİ GİRİŞ ELEMANLARI (KOHA)
Sınıflandırma Veya Raf Düzeni Kaynak Dewey Decimal Classification
Koha Öğesi Türü Books
999 ## - SİSTEM KONTROL NUMARALARI (KOHA)
Koha Biblionumber 2730
Koha Biblioitemnumber 2730
Holdings
Kalıcı Konum Mevcut Konum Edinme Tarihi Edinim Kaynak Toplam Check-Out'Lar Tam Çağrı Numarası Barkod Tarih Son Görülme İtibaren Geçerli Fiyatlar Koha Öğesi Türü
CHP Kütüphanesi CHP Kütüphanesi 10/08/2016 Bağış   956.622 K29i 2004 005261 10/08/2016 10/08/2016 Books